[Event "FIDE World Rapid Team"]
[Site "Almaty KAZ"]
[Date "2024.08.02"]
[Round "3.46"]
[White "Sartbayev, Askar"]
[Black "Raipov, Alinur"]
[Result "1-0"]
[WhiteElo "1702"]
[BlackElo "1504"]
[WhiteTeam "Chess Empire"]
[BlackTeam "Abai's Gambit Pioneers"]
[WhiteFideId "13751190"]
[BlackFideId "13763814"]
[EventDate "2024.08.02"]

1. e4 e6 2. d4 d5 3. Nd2 Nf6 4. e5 Nfd7 5. Ngf3 c5 6. c3 Nc6 7. Bd3 Qb6 8. O-O
cxd4 9. cxd4 Nxd4 10. Nxd4 Qxd4 11. Nf3 Qb6 12. Qa4 Bc5 13. Qg4 g6 14. h4 h5 15.
Qg3 Nf8 16. a3 Bd7 17. b4 Be7 18. Be3 Qd8 19. Rac1 a6 20. Ng5 Bb5 21. Bxb5+ axb5
22. Qf3 Bxg5 23. Bxg5 Qd7 24. Rc2 Nh7 25. Bh6 Rc8 26. Rfc1 Rxc2 27. Rxc2 Qd8 28.
Qd3 Qd7 29. Rc5 Nf8 30. Qc2 Kd8 31. Bg5+ 1-0

[Event "FIDE World Rapid Team"]
[Site "Almaty KAZ"]
[Date "2024.08.02"]
[Round "3.47"]
[White "Kiribayeva, Togzhan"]
[Black "Adilbekuly, Altair"]
[Result "1/2-1/2"]
[WhiteElo "1544"]
[BlackElo "1694"]
[WhiteTeam "Abai's Gambit Pioneers"]
[BlackTeam "Chess Empire"]
[WhiteFideId "13739263"]
[BlackFideId "13763130"]
[EventDate "2024.08.02"]

1. e4 c5 2. Nc3 d6 3. Nge2 Nf6 4. g3 g6 5. Bg2 Bg7 6. O-O Nc6 7. d3 O-O 8. h3
Rb8 9. Be3 b5 10. Qd2 b4 11. Nd1 Nd7 12. f4 Ba6 13. f5 c4 14. d4 Nb6 15. e5 c3
16. bxc3 Nc4 17. Qe1 d5 18. Bd2 bxc3 19. Bxc3 gxf5 20. Rxf5 e6 21. Rh5 Qe7 22.
Nf4 Nb4 23. Bxb4 Rxb4 24. c3 Rb7 25. Ne3 Rfb8 26. Nxc4 Bxc4 27. Qd1 Rb2 28. Qg4
Kh8 29. Rh4 Rg8 30. Qh5 h6 31. Qf3 Kh7 32. Bf1 Bxe5 33. Rh5 Bg7 34. Bxc4 dxc4
35. Qe4+ Kh8 36. d5 Qc5+ 37. Kh1 Qf2 38. Ng2 exd5 39. Qxd5 Qxg3 40. Rg1 Qf2 41.
Rf5 Qg3 42. Rh5 Qf2 43. Rf5 Qg3 44. Rh5 Qf2 45. Rf5 Qg3 46. Rh5 Qf2 1/2-1/2

[Event "FIDE World Rapid Team"]
[Site "Almaty KAZ"]
[Date "2024.08.02"]
[Round "3.48"]
[White "Zhumagali, Raian"]
[Black "Amangaliyev, Dauletkhan"]
[Result "1-0"]
[WhiteTitle "WCM"]
[WhiteElo "1632"]
[BlackElo "1531"]
[WhiteTeam "Chess Empire"]
[BlackTeam "Abai's Gambit Pioneers"]
[WhiteFideId "13730150"]
[BlackFideId "447022361"]
[EventDate "2024.08.02"]

1. e4 e6 2. d4 d5 3. Nd2 Nf6 4. e5 Nfd7 5. Ngf3 c5 6. c3 Nc6 7. Bd3 Qb6 8. O-O
cxd4 9. cxd4 Nxd4 10. Nxd4 Qxd4 11. Nf3 Qb6 12. Qc2 h6 13. Be3 Bc5 14. Bd2 Be7
15. Rad1 Nc5 16. Be3 Qc6 17. Bxc5 Qxc5 18. Qe2 O-O 19. Nd2 Re8 20. Kh1 Bf8 21.
f4 Bd7 22. Rf3 Qe7 23. Rg3 Rac8 24. Qh5 Kh8 25. Nf3 Red8 26. Qg4 Rc7 27. Nh4
Rdc8 28. Ng6+ fxg6 29. Qxg6 1-0

[Event "FIDE World Rapid Team"]
[Site "Almaty KAZ"]
[Date "2024.08.02"]
[Round "4.1"]
[White "Carlsen, Magnus"]
[Black "Rapport, Richard"]
[Result "0-1"]
[WhiteTitle "GM"]
[BlackTitle "GM"]
[WhiteElo "2832"]
[BlackElo "2715"]
[WhiteTeam "WR Chess Team"]
[BlackTeam "Chessy"]
[WhiteFideId "1503014"]
[BlackFideId "738590"]
[EventDate "2024.08.02"]

1. e4 c6 2. d4 d5 3. exd5 cxd5 4. Bd3 Nf6 5. h3 Nc6 6. c3 e5 7. dxe5 Nxe5 8. Qe2
Ne4 9. Bb5+ Bd7 10. Nf3 Ng6 11. Be3 Bd6 12. Nbd2 O-O 13. Bxd7 Qxd7 14. Rd1 Rfe8
15. Nxe4 Rxe4 16. Ng5 Nf4 17. Qf3 Qb5 18. g3 f6 19. gxf4 fxg5 20. fxg5 Rf8 21.
Qg2 Rfe8 22. Qf1 Qxb2 23. Rd2 0-1

[Event "FIDE World Rapid Team"]
[Site "Almaty KAZ"]
[Date "2024.08.02"]
[Round "4.2"]
[White "Martirosyan, Haik M."]
[Black "Nepomniachtchi, Ian"]
[Result "1/2-1/2"]
[WhiteTitle "GM"]
[BlackTitle "GM"]
[WhiteElo "2667"]
[BlackElo "2767"]
[WhiteTeam "Chessy"]
[BlackTeam "WR Chess Team"]
[WhiteFideId "13306553"]
[BlackFideId "4168119"]
[EventDate "2024.08.02"]

1. d4 Nf6 2. c4 e6 3. Nf3 d5 4. Nc3 Be7 5. Bg5 h6 6. Bxf6 Bxf6 7. Rc1 O-O 8. e3
c6 9. Bd3 Nd7 10. O-O dxc4 11. Bxc4 c5 12. Ne4 cxd4 13. Nxf6+ Nxf6 14. Qxd4 Qxd4
15. Nxd4 Bd7 16. f3 Rfc8 17. Kf2 Kf8 18. e4 e5 19. Ne2 Ke7 20. Rfd1 Rc7 21. Bb3
Rxc1 22. Nxc1 Be6 23. Bxe6 Kxe6 24. Nd3 Rc8 25. Ke3 Ne8 26. Rc1 Rxc1 27. Nxc1
Nd6 28. Kd3 h5 29. Ne2 h4 30. g3 hxg3 31. hxg3 g6 32. Nc3 f5 33. a4 Nf7 34. Ke3
Nd8 35. exf5+ gxf5 36. g4 Nc6 37. gxf5+ Kxf5 38. Ne4 b6 39. Nc3 Na5 40. b4 Nc6
41. Nd5 Ke6 42. Ke4 Kd6 43. b5 Na5 44. Nb4 Nb3 45. Nd3 Nd2+ 46. Ke3 Nc4+ 47. Ke4
Ke6 48. Nb4 Nd2+ 49. Ke3 Nc4+ 50. Ke4 Nb2 51. Nc6 Nxa4 52. Nxa7 Nc5+ 53. Ke3 Kd5
54. Nc8 Nd7 55. f4 exf4+ 56. Kxf4 Kc5 57. Nxb6 Nxb6 58. Ke4 Kxb5 1/2-1/2

[Event "FIDE World Rapid Team"]
[Site "Almaty KAZ"]
[Date "2024.08.02"]
[Round "4.4"]
[White "Sarana, Alexey"]
[Black "Praggnanandhaa, R"]
[Result "1-0"]
[WhiteTitle "GM"]
[BlackTitle "GM"]
[WhiteElo "2717"]
[BlackElo "2749"]
[WhiteTeam "Chessy"]
[BlackTeam "WR Chess Team"]
[WhiteFideId "24133795"]
[BlackFideId "25059530"]
[EventDate "2024.08.02"]

1. d4 Nf6 2. c4 e6 3. Nc3 Bb4 4. e3 O-O 5. Bd3 d5 6. Nf3 dxc4 7. Bxc4 c5 8. O-O
Nc6 9. a3 Ba5 10. h3 h6 11. Qd3 a6 12. Ne4 cxd4 13. exd4 Bc7 14. Ba2 Nxe4 15.
Qxe4 Qd6 16. Re1 Bd7 17. Bd2 Rad8 18. Rad1 Bc8 19. Bc3 Qf4 20. Qc2 Bb6 21. Re4
Qc7 22. Bb1 f5 23. Ree1 Ne7 24. Bb4 Rfe8 25. Qxc7 Bxc7 26. Bxe7 Rxe7 27. Bxf5
Kf8 28. Nh4 Kf7 29. Bg6+ Kf8 30. Bc2 Red7 31. Nf3 Rd6 32. Bb3 b5 33. Re4 Bb7 34.
Rf4+ Kg8 35. Re1 Bd5 36. Bxd5 exd5 37. Rc1 Bb6 38. Kf1 Re8 39. Rf5 Re4 40. Rd1
Bd8 41. Rc1 Bf6 42. Rc8+ Kh7 43. Rc7 Bxd4 44. Nxd4 Rxd4 45. Rff7 Rg6 46. g4 Rd3
47. Kg2 h5 48. f3 h4 49. f4 Rg3+ 50. Kh2 Rb3 51. f5 Rxb2+ 52. Kg1 Rg5 53. Rc8
Rb3 54. Rff8 Rxg4+ 55. hxg4 Kh6 56. f6 gxf6 57. Rxf6+ Kg5 58. Rf2 Kxg4 59. Rg8+
Kh5 60. Rf5+ Kh6 61. Rxd5 Rxa3 62. Rd6+ Kh5 63. Rd5+ Kh6 64. Rc8 1-0

[Event "FIDE World Rapid Team"]
[Site "Almaty KAZ"]
[Date "2024.08.02"]
[Round "4.5"]
[White "Hou, Yifan"]
[Black "Koneru, Humpy"]
[Result "0-1"]
[WhiteTitle "GM"]
[BlackTitle "GM"]
[WhiteElo "2633"]
[BlackElo "2530"]
[WhiteTeam "WR Chess Team"]
[BlackTeam "Chessy"]
[WhiteFideId "8602980"]
[BlackFideId "5008123"]
[EventDate "2024.08.02"]

1. d4 Nf6 2. Nc3 d5 3. Bf4 a6 4. e3 h6 5. h4 c5 6. dxc5 Nc6 7. Nf3 Bg4 8. Be2
Bxf3 9. Bxf3 e5 10. Bg3 e4 11. Be2 Bxc5 12. Qd2 d4 13. exd4 Bxd4 14. O-O-O Qe7
15. Rhe1 O-O 16. Bd3 Qb4 17. Bf1 Rfd8 18. Bc7 Rd7 19. Bg3 Rad8 20. a3 Qc5 21.
Na4 Bxb2+ 22. Kxb2 Rxd2 23. Rxd2 Qa5 24. Rxd8+ Qxd8 25. Nc3 Qb6+ 26. Ka2 Qa5 27.
Re3 Ng4 28. Rxe4 Qxc3 29. Re8+ Kh7 30. Bd3+ g6 31. h5 Nge5 32. hxg6+ fxg6 0-1

[Event "FIDE World Rapid Team"]
[Site "Almaty KAZ"]
[Date "2024.08.02"]
[Round "4.9"]
[White "Artemiev, Vladislav"]
[Black "Yu, Yangyi"]
[Result "1/2-1/2"]
[WhiteTitle "GM"]
[BlackTitle "GM"]
[WhiteElo "2699"]
[BlackElo "2703"]
[WhiteTeam "Al-Ain ACMG UAE"]
[BlackTeam "Decade China Team"]
[WhiteFideId "24101605"]
[BlackFideId "8603820"]
[EventDate "2024.08.02"]

1. d4 Nf6 2. c4 e6 3. Nf3 d5 4. Nc3 Bb4 5. e3 O-O 6. Be2 dxc4 7. O-O c5 8. dxc5
Bxc5 9. Bxc4 Nc6 10. Qe2 h6 11. a3 Bd6 12. Rd1 Qe7 13. b4 Ne5 14. Bb2 Bd7 15.
Nb5 Nxc4 16. Qxc4 Rac8 17. Qd3 Bxb5 18. Qxb5 Nd5 19. Rac1 Bb8 20. g3 a6 21. Qd3
Rxc1 22. Rxc1 Rd8 23. Qe4 Bd6 24. Qg4 Nf6 25. Qh4 Nd5 26. Qd4 Nf6 27. Qc4 Rd7
28. Qc8+ Ne8 29. Bd4 Rd8 30. Qc2 Rd7 31. Qc8 Rd8 32. Qc3 Rd7 33. Bb6 Bc7 34. Bc5
Bd6 35. Bxd6 Qxd6 36. Qe5 Rc7 37. Rxc7 Qxc7 38. Qd4 Nd6 1/2-1/2

[Event "FIDE World Rapid Team"]
[Site "Almaty KAZ"]
[Date "2024.08.02"]
[Round "4.10"]
[White "Wang, Yue"]
[Black "Andreikin, Dmitry"]
[Result "0-1"]
[WhiteTitle "GM"]
[BlackTitle "GM"]
[WhiteElo "2637"]
[BlackElo "2729"]
[WhiteTeam "Decade China Team"]
[BlackTeam "Al-Ain ACMG UAE"]
[WhiteFideId "8601429"]
[BlackFideId "4158814"]
[EventDate "2024.08.02"]

1. d4 Nf6 2. c4 e6 3. Nf3 a6 4. Nc3 d5 5. c5 b6 6. cxb6 c5 7. e3 Nbd7 8. Na4
cxd4 9. Qxd4 Bd6 10. Bd2 e5 11. Qh4 Nf8 12. Nxe5 Bxe5 13. Bd3 Ng6 14. Bxg6 fxg6
15. O-O O-O 16. Ba5 Qd7 17. Rac1 Rb8 18. Nc5 Qf5 19. b3 g5 20. Qb4 Ng4 21. h3
Nh2 22. Qd2 Nxf1 23. Rxf1 Bd6 24. b4 Qe5 25. f4 gxf4 26. exf4 Rxf4 27. Re1 Qd4+
28. Qxd4 Rxd4 29. Re8+ Kf7 30. Rd8 Be7 31. Rh8 Ra8 32. Kf1 Bxc5 33. bxc5 Bb7 34.
Rxh7 Rf4+ 35. Kg1 Kg6 36. Bd2 Re4 0-1

[Event "FIDE World Rapid Team"]
[Site "Almaty KAZ"]
[Date "2024.08.02"]
[Round "4.11"]
[White "Lagno, Kateryna"]
[Black "Ju, Wenjun"]
[Result "1/2-1/2"]
[WhiteTitle "GM"]
[BlackTitle "GM"]
[WhiteElo "2532"]
[BlackElo "2563"]
[WhiteTeam "Al-Ain ACMG UAE"]
[BlackTeam "Decade China Team"]
[WhiteFideId "14109336"]
[BlackFideId "8603006"]
[EventDate "2024.08.02"]

1. e4 e5 2. Nf3 Nc6 3. Bb5 Nf6 4. O-O Nxe4 5. Re1 Nd6 6. Nxe5 Be7 7. Bf1 Nxe5 8.
Rxe5 O-O 9. d4 Bf6 10. Re1 Re8 11. Bf4 Rxe1 12. Qxe1 Bxd4 13. Nc3 Ne8 14. Nb5
Bc5 15. Bg5 Nf6 16. Bxf6 gxf6 17. Qc3 d6 18. Qg3+ Kh8 19. Qh4 Be6 20. Bd3 f5 21.
Qxd8+ Rxd8 22. Nxc7 Rd7 23. Nxe6 fxe6 24. Re1 Re7 25. Re2 1/2-1/2

[Event "FIDE World Rapid Team"]
[Site "Almaty KAZ"]
[Date "2024.08.02"]
[Round "4.14"]
[White "Narayanan, S.L."]
[Black "Svidler, Peter"]
[Result "0-1"]
[WhiteTitle "GM"]
[BlackTitle "GM"]
[WhiteElo "2649"]
[BlackElo "2698"]
[WhiteTeam "Team MGD1"]
[BlackTeam "Kazchess"]
[WhiteFideId "5058422"]
[BlackFideId "4102142"]
[EventDate "2024.08.02"]

1. e4 c5 2. Nf3 e6 3. d4 cxd4 4. Nxd4 a6 5. Nc3 b5 6. Bd3 Bb7 7. O-O Nc6 8. Nxc6
Bxc6 9. Re1 Bc5 10. e5 f5 11. Qh5+ g6 12. Qh3 h6 13. Qg3 Ne7 14. a4 b4 15. Ne2
g5 16. a5 Qc7 17. Bd2 Ng6 18. c3 bxc3 19. bxc3 Nh4 20. Nf4 Be7 21. Nh5 Bxg2 22.
Be2 Qc6 23. Nf6+ Bxf6 24. exf6 Bf3 25. Bf1 Kf7 26. Rab1 Be4 27. Be2 Bxb1 28.
Bh5+ Ng6 29. Rxb1 Qd5 30. Rd1 g4 31. c4 Qf3 32. Qxf3 gxf3 33. Bc3 Rhd8 34. Bxf3
Rac8 35. Rd4 d5 0-1

[Event "FIDE World Rapid Team"]
[Site "Almaty KAZ"]
[Date "2024.08.02"]
[Round "4.15"]
[White "Grischuk, Alexander"]
[Black "Sadhwani, Raunak"]
[Result "0-1"]
[WhiteTitle "GM"]
[BlackTitle "GM"]
[WhiteElo "2708"]
[BlackElo "2653"]
[WhiteTeam "Kazchess"]
[BlackTeam "Team MGD1"]
[WhiteFideId "4126025"]
[BlackFideId "35093487"]
[EventDate "2024.08.02"]

1. d4 Nf6 2. c4 e6 3. Nf3 d5 4. Bg5 dxc4 5. e4 c5 6. Bxc4 cxd4 7. e5 h6 8. Bxf6
gxf6 9. exf6 Qxf6 10. O-O Bd7 11. Nbd2 Bc6 12. Re1 Bg7 13. Ne5 O-O 14. Rc1 Nd7
15. Nxc6 bxc6 16. Ne4 Qe7 17. f4 Nb6 18. Bd3 Nd5 19. Qf3 Ne3 20. Rxc6 Rac8 21.
Rec1 Rxc6 22. Rxc6 Qb7 23. h3 Qxb2 24. Ng3 Qxa2 25. Qe4 Rb8 26. Ra6 Qd5 27. Qh7+
Kf8 28. Be4 Qc5 29. Kh2 Rd8 30. Rc6 Qb5 31. Rc7 Nf1+ 32. Nxf1 Qxf1 33. Bf3 d3
34. Qe4 Bd4 35. Qh7 Qg1+ 36. Kg3 Qe1+ 37. Kg4 Bg7 38. Rb7 d2 39. Qc2 d1=Q 0-1

[Event "FIDE World Rapid Team"]
[Site "Almaty KAZ"]
[Date "2024.08.02"]
[Round "4.16"]
[White "Pranav, V"]
[Black "Ansat, Aldiyar"]
[Result "1-0"]
[WhiteTitle "GM"]
[BlackTitle "IM"]
[WhiteElo "2598"]
[BlackElo "2457"]
[WhiteTeam "Team MGD1"]
[BlackTeam "Kazchess"]
[WhiteFideId "25060783"]
[BlackFideId "13715658"]
[EventDate "2024.08.02"]

1. e4 c5 2. Nf3 e6 3. b3 Nc6 4. Bb2 d6 5. d4 cxd4 6. Nxd4 Nxd4 7. Qxd4 Nf6 8.
Nc3 Be7 9. O-O-O O-O 10. f4 Qa5 11. Kb1 e5 12. Qd2 Qc5 13. f5 b5 14. Bd3 Bb7 15.
g4 b4 16. Na4 Qc7 17. Rde1 d5 18. exd5 Nxd5 19. Bxe5 Bd6 20. Bxd6 Qxd6 21. Rhf1
Bc6 22. Nb2 Nc3+ 23. Ka1 a5 24. f6 Rfd8 25. Qg5 g6 26. Qh6 Qf8 27. Qxf8+ Kxf8
28. Nd1 Nxd1 29. Rxd1 Rd4 30. g5 h6 31. gxh6 Rh4 32. Rf2 Rd8 33. Re1 Rxh6 34.
Re5 Bd5 35. Kb2 Rh4 36. Re7 g5 37. Ra7 Ra8 38. Rxa8+ Bxa8 39. Rf5 Rf4 40. Rxa5
Bf3 41. Rxg5 Rxf6 42. a3 bxa3+ 43. Kxa3 Rh6 44. Rf5 Bb7 45. Rf2 Ke7 46. c4 Bc8
47. c5 Be6 48. Kb4 Rh4+ 49. Kc3 Kd7 50. b4 Kc6 51. Rd2 Rh3 52. Kd4 Rh4+ 53. Kc3
Rh3 54. Rf2 Rh4 55. Re2 Rh3 56. Re5 Bd5 57. Kd4 Rh4+ 58. Kc3 Rxh2 59. Re8 Rh3
60. Rd8 Rh6 61. Bf5 Rf6 62. Bg4 Rg6 63. Bf5 Rf6 64. Bc2 Rf3+ 65. Bd3 Rf6 66. Rh8
Rf3 67. Rh4 Be6 68. Kd4 Bf5 69. b5+ Kc7 70. Bxf5 Rxf5 71. Re4 Kd7 72. Kc4 Rf1
73. c6+ Kc7 74. Re7+ Kd6 75. Rd7+ Ke6 76. b6 1-0

[Event "FIDE World Rapid Team"]
[Site "Almaty KAZ"]
[Date "2024.08.02"]
[Round "4.17"]
[White "Assaubayeva, Bibisara"]
[Black "Dronavalli, Harika"]
[Result "1/2-1/2"]
[WhiteTitle "IM"]
[BlackTitle "GM"]
[WhiteElo "2470"]
[BlackElo "2502"]
[WhiteTeam "Kazchess"]
[BlackTeam "Team MGD1"]
[WhiteFideId "13708694"]
[BlackFideId "5015197"]
[EventDate "2024.08.02"]

1. c4 e6 2. g3 d5 3. Bg2 Nf6 4. Nf3 Be7 5. O-O O-O 6. d4 dxc4 7. Qa4 a6 8. Qxc4
b5 9. Qc2 Bb7 10. Bd2 Ra7 11. Rd1 b4 12. a3 Be4 13. Qc1 Nc6 14. axb4 Nxb4 15.
Na3 Qd5 16. Qc4 Rb8 17. Rdc1 Rab7 18. Qxd5 Nfxd5 19. Ne5 Bxg2 20. Kxg2 f6 21.
Nd7 Rd8 22. Nc5 Bxc5 23. Rxc5 f5 24. Nc2 Nxc2 25. Rxc2 Rdb8 26. Rxa6 Rxb2 27.
Rac6 Rxc2 28. Rxc2 Ra8 29. Bf4 Nxf4+ 30. gxf4 Ra7 31. e3 1/2-1/2

[Event "FIDE World Rapid Team"]
[Site "Almaty KAZ"]
[Date "2024.08.02"]
[Round "4.18"]
[White "Shah Mihir"]
[Black "Ayapov, Alimzhan"]
[Result "1-0"]
[WhiteElo "1801"]
[BlackElo "2001"]
[WhiteTeam "Team MGD1"]
[BlackTeam "Kazchess"]
[WhiteFideId "46628878"]
[BlackFideId "13727125"]
[EventDate "2024.08.02"]

1. e4 c6 2. Nf3 d5 3. d3 Qc7 4. Nc3 dxe4 5. dxe4 Bg4 6. Bc4 e5 7. O-O a5 8. h3
Bh5 9. Qd3 Nd7 10. a4 Ne7 11. Nh4 Nc8 12. Nf5 Nd6 13. Bg5 Nc5 14. Nxd6+ Bxd6 15.
Qe3 O-O 16. Ne2 Rfe8 17. Ng3 Bg6 18. h4 h6 19. h5 Bh7 20. Bh4 Bf8 21. c3 Ne6 22.
Qf3 Nf4 23. Qg4 Be7 24. Rfd1 Rad8 25. Nf5 Bxf5 26. exf5 Bxh4 27. Qxh4 Rxd1+ 28.
Rxd1 e4 29. f6 Qe5 30. Rd7 Ne6 31. fxg7 e3 32. fxe3 Qxe3+ 33. Qf2 Qxf2+ 34. Kxf2
Ng5 35. Rxb7 Kxg7 36. b4 Re4 37. Bd3 Rh4 38. Kg3 Rh1 39. bxa5 Ra1 40. Rb4 c5 41.
Rc4 Rd1 42. Be2 Rd2 43. Kf2 Rd6 44. Bf3 Rf6 45. Ke3 Re6+ 46. Kd3 Rd6+ 47. Kc2
Ne6 48. Bb7 Nd8 49. a6 Nxb7 50. axb7 Rb6 51. Rxc5 Rxb7 52. a5 Kf6 53. a6 Ra7 54.
Ra5 Ke6 55. g4 f6 56. Kd3 Kd6 57. Ke4 Ke6 58. c4 Kf7 59. Kf5 Kg7 60. c5 Kf7 61.
c6 Kg7 62. c7 Rxc7 63. a7 1-0

[Event "FIDE World Rapid Team"]
[Site "Almaty KAZ"]
[Date "2024.08.02"]
[Round "4.1"]
[White "Nihal, Sarin"]
[Black "Short, Nigel D"]
[Result "1-0"]
[WhiteTitle "GM"]
[BlackTitle "GM"]
[WhiteElo "2668"]
[BlackElo "2594"]
[WhiteTeam "Ashdod Chess Club"]
[BlackTeam "FIDE Management Board"]
[WhiteFideId "25092340"]
[BlackFideId "400025"]
[EventDate "2024.08.02"]

1. d4 Nf6 2. c4 e6 3. Nf3 d5 4. Nc3 Be7 5. g3 O-O 6. Bg2 dxc4 7. Ne5 c5 8. dxc5
Qxd1+ 9. Nxd1 Bxc5 10. Ne3 a5 11. N3xc4 a4 12. O-O Ra6 13. Be3 Bxe3 14. Nxe3
Nbd7 15. Nd3 b5 16. Rac1 Rb6 17. Rc7 b4 18. Nc4 Rb8 19. Ra7 a3 20. bxa3 bxa3 21.
Rc1 h6 22. Nxa3 Nb6 23. Rb1 Bd7 24. Ne5 Rfd8 25. Bc6 Rdc8 26. Bxd7 Nfxd7 27.
Nxd7 Nxd7 28. Rxb8 Nxb8 29. Ra8 Kf8 30. Kg2 Ke7 31. Nb5 Rd8 32. a4 Nd7 33. Rxd8
Kxd8 34. Kf3 Nc5 35. Nc3 Kc7 36. Ke3 Kb6 37. Kd4 Nb3+ 38. Kc4 Na5+ 39. Kd3 Nb7
40. Kd4 Na5 41. f4 Nc6+ 42. Kc4 Na5+ 43. Kd3 f5 44. Nb5 Kc5 45. Nd4 Kd5 46. Kc3
Nb7 47. Nb3 Nd6 48. a5 g5 49. a6 Nc8 50. Nd4 Na7 51. fxg5 hxg5 52. h4 f4 53.
hxg5 e5 54. gxf4 exd4+ 55. Kd3 Nc6 56. g6 Ke6 57. Kc4 Kf6 58. Kc5 Na7 59. f5 Nc8
60. Kxd4 1-0

[Event "FIDE World Rapid Team"]
[Site "Almaty KAZ"]
[Date "2024.08.02"]
[Round "4.2"]
[White "Bologan, Victor"]
[Black "Eljanov, Pavel"]
[Result "0-1"]
[WhiteTitle "GM"]
[BlackTitle "GM"]
[WhiteElo "2598"]
[BlackElo "2672"]
[WhiteTeam "FIDE Management Board"]
[BlackTeam "Ashdod Chess Club"]
[WhiteFideId "13900048"]
[BlackFideId "14102951"]
[EventDate "2024.08.02"]

1. e4 e5 2. Nf3 Nc6 3. Bb5 Nf6 4. d3 Bc5 5. Bxc6 dxc6 6. Nbd2 Qe7 7. h3 b6 8.
Nc4 Nd7 9. Bd2 a5 10. a4 f6 11. Nh4 g6 12. Nf3 Ba6 13. g4 Nf8 14. b3 Ne6 15. Qe2
O-O-O 16. O-O-O Nd4 17. Nxd4 Bxd4 18. Nb2 Bxd3 19. cxd3 Qa3 20. Be3 Qa1+ 21. Kd2
Qxb2+ 22. Ke1 Qxb3 0-1

[Event "FIDE World Rapid Team"]
[Site "Almaty KAZ"]
[Date "2024.08.02"]
[Round "4.3"]
[White "Volokitin, Andrei"]
[Black "Reizniece-Ozola, Dana"]
[Result "1-0"]
[WhiteTitle "GM"]
[BlackTitle "WGM"]
[WhiteElo "2667"]
[BlackElo "2255"]
[WhiteTeam "Ashdod Chess Club"]
[BlackTeam "FIDE Management Board"]
[WhiteFideId "14107090"]
[BlackFideId "11601124"]
[EventDate "2024.08.02"]

1. e4 d6 2. d4 g6 3. Nc3 Bg7 4. Be3 a6 5. Qd2 b5 6. h4 h5 7. Nf3 Nf6 8. Ng5 Ng4
9. Bf4 Nc6 10. f3 Nh6 11. Be3 e5 12. dxe5 Nxe5 13. O-O-O O-O 14. g4 hxg4 15. f4
Nf3 16. Nxf3 gxf3 17. f5 Ng4 18. Bg5 Qe8 19. Rg1 gxf5 20. exf5 Bxf5 21. Bh3 Qd7
22. Nd5 f6 23. Bxf6 Nxf6 24. Bxf5 Qf7 25. Qh6 f2 26. Nxf6+ Qxf6 27. Be6+ Qf7 28.
Qxg7# 1-0

[Event "FIDE World Rapid Team"]
[Site "Almaty KAZ"]
[Date "2024.08.02"]
[Round "4.4"]
[White "Turlej, Lukasz"]
[Black "Alekseev, Evgeny"]
[Result "0-1"]
[BlackTitle "GM"]
[WhiteElo "2105"]
[BlackElo "2537"]
[WhiteTeam "FIDE Management Board"]
[BlackTeam "Ashdod Chess Club"]
[WhiteFideId "1125680"]
[BlackFideId "4138147"]
[EventDate "2024.08.02"]

1. d4 Nf6 2. c4 e6 3. Nc3 d5 4. cxd5 exd5 5. Qc2 c6 6. Nf3 Be7 7. Bf4 Nh5 8. Bd2
g6 9. Ne5 Nd7 10. f4 Nb6 11. O-O-O Be6 12. g4 Ng7 13. Rg1 f6 14. Nf3 Qd7 15. h3
O-O-O 16. e3 Kb8 17. Kb1 Ne8 18. Bd3 Nd6 19. Ka1 Rc8 20. Na4 Nxa4 21. Qxa4 Ne4
22. Rc1 h5 23. Bxe4 hxg4 24. hxg4 dxe4 25. Ne1 Bxg4 26. Nc2 g5 27. fxg5 fxg5 28.
Bb4 Bf3 29. Qa3 Bxb4 30. Qxb4 g4 31. Qc5 Qd5 32. Qc3 Qd6 33. Na3 g3 34. Nc4 Qc7
35. Ne5 g2 36. Qe1 Rcg8 37. Qf2 Rh3 38. a3 Qd6 39. Qd2 Ka8 40. Qf2 Qh6 41. Rce1
Qh4 42. Qc2 Rh1 43. Ka2 Qxe1 0-1

[Event "FIDE World Rapid Team"]
[Site "Almaty KAZ"]
[Date "2024.08.02"]
[Round "4.5"]
[White "Khotenashvili, Bella"]
[Black "Martynov, Aleksandr"]
[Result "0-1"]
[WhiteTitle "GM"]
[WhiteElo "2427"]
[BlackElo "1828"]
[WhiteTeam "Ashdod Chess Club"]
[BlackTeam "FIDE Management Board"]
[WhiteFideId "13602640"]
[BlackFideId "34196266"]
[EventDate "2024.08.02"]

1. Nf3 Nf6 2. g3 b6 3. Bg2 Bb7 4. c4 c5 5. Nc3 e6 6. O-O Be7 7. d3 d5 8. cxd5
Nxd5 9. e4 Nxc3 10. bxc3 O-O 11. Qe2 Nc6 12. Rd1 e5 13. Nd2 Bg5 14. Nc4 Bxc1 15.
Raxc1 Qe7 16. Ne3 Rfd8 17. h4 Qe6 18. Kh2 Ne7 19. Bh3 Qd6 20. Qh5 Ba6 21. Rd2
Re8 22. Rcd1 Rad8 23. Qf3 Qg6 24. Ng4 Qd6 25. Ne3 Qg6 26. h5 Qg5 27. d4 exd4 28.
cxd4 cxd4 29. Rxd4 Rxd4 30. Rxd4 Nc6 31. Rd5 Ne5 32. Qf4 Qxf4 33. gxf4 Nd3 34.
Kg3 Nc5 35. f3 Bb7 36. Rd4 f6 37. Nf5 g6 38. Ne3 Kg7 39. Ng4 Re7 40. h6+ Kf7 41.
e5 Nd7 42. Rd6 fxe5 43. Rxd7 exf4+ 44. Kxf4 Rxd7 45. Ne5+ Ke7 46. Bxd7 Kf6 47.
Nc6 g5+ 48. Kg4 a5 49. a4 Kg6 50. Ne5+ Kxh6 51. Nf7+ Kg6 52. Nxg5 h6 53. Ne6 Kf6
54. f4 Ke7 55. Ng7 Kxd7 56. Kf5 Bc6 57. Ke5 Bxa4 58. f5 Bb3 59. f6 a4 60. Nf5 a3
61. Nd4 Bf7 62. Nc2 a2 63. Na1 b5 64. Kd4 0-1

[Event "FIDE World Rapid Team"]
[Site "Almaty KAZ"]
[Date "2024.08.02"]
[Round "4.6"]
[White "Musauly, Nurali"]
[Black "Tanikin, Isabek"]
[Result "0-1"]
[WhiteElo "1816"]
[BlackElo "1952"]
[WhiteTeam "FIDE Management Board"]
[BlackTeam "Ashdod Chess Club"]
[WhiteFideId "447000678"]
[BlackFideId "13728717"]
[EventDate "2024.08.02"]

1. Nf3 Nf6 2. c4 g6 3. Nc3 d5 4. cxd5 Nxd5 5. e4 Nxc3 6. dxc3 Qxd1+ 7. Kxd1 Bg7
8. Kc2 O-O 9. Be3 b6 10. Nd2 Bb7 11. f3 c5 12. Be2 Nc6 13. h4 Rac8 14. Kb1 Rfd8
15. a3 Rd7 16. Ka2 Rcd8 17. Rad1 Ne5 18. g4 Nd3 19. Kb1 Ba6 20. Rhg1 c4 21. h5
Bb5 22. hxg6 hxg6 23. f4 Ba4 24. Rdf1 Nxb2 25. Nxc4 Nxc4 26. Bxc4 Rc7 27. Be2
Rxc3 28. Bc1 Rc2 29. Bd1 Rc4 30. Bxa4 Rxa4 31. e5 Rad4 32. Rf3 Rd3 33. Rgg3 Rxf3
34. Rxf3 g5 35. f5 Bxe5 36. Bxg5 Bf6 37. Bc1 Rd1 38. Kc2 Rg1 39. Rd3 Rxg4 40.
Rd7 Rg2+ 41. Kb3 Rf2 42. Rxa7 Rxf5 43. Rb7 Rb5+ 44. Kc2 Rc5+ 45. Kd1 b5 46. Be3
Rc3 47. Ke2 Rxa3 48. Rxb5 Kg7 49. Rb7 Kg6 50. Bc5 Ra5 51. Bb4 Re5+ 52. Kf3 Rf5+
53. Kg4 e6 54. Rb8 Bg7 55. Rg8 Kh7 56. Rb8 Rd5 57. Rb7 Kg6 58. Kf3 Rd4 59. Ke3
Rc4 60. Kd3 Rh4 61. Ke3 Bh6+ 62. Kf3 f6 63. Rb6 Kf5 64. Be7 Bg5 65. Kg3 Rc4 66.
Ba3 Rc3+ 0-1